000 00696nam a22001457a 4500
999 _c64154
_d64154
003 Ge_BSU
005 20260422132115.0
008 260422s1981 ge ||||| |||| 00| 0 geo d
041 _ageo
080 _a338.26(47+57)"1981-1985" ს-78
245 _aსსრ კავშირის ეკონომიკური და სოციალური განვითარების 1981-1985 წლებისა და 1990 წლამდე პერიოდის ძირითადი მიმართულებანი.
264 _aთბ. :
_b საბჭ. საქართველო,
_c1981.
300 _a127 გვ. ;
_b20 სმ.
942 _2udc
_cᲬᲘᲒᲜᲘ